<?xml version="1.0" encoding="UTF-8"?><?xml-stylesheet type="text/xsl" href="static/style.xsl"?><OAI-PMH xmlns="http://www.openarchives.org/OAI/2.0/" xmlns:xsi="http://www.w3.org/2001/XMLSchema-instance" xsi:schemaLocation="http://www.openarchives.org/OAI/2.0/ http://www.openarchives.org/OAI/2.0/OAI-PMH.xsd"><responseDate>2026-04-17T07:57:29Z</responseDate><request verb="GetRecord" identifier="oai:www.recercat.cat:2099.1/15477" metadataPrefix="marc">https://recercat.cat/oai/request</request><GetRecord><record><header><identifier>oai:recercat.cat:2099.1/15477</identifier><datestamp>2025-07-22T16:14:09Z</datestamp><setSpec>com_2072_1033</setSpec><setSpec>col_2072_452951</setSpec></header><metadata><record xmlns="http://www.loc.gov/MARC21/slim" xmlns:dcterms="http://purl.org/dc/terms/" xmlns:xsi="http://www.w3.org/2001/XMLSchema-instance" xmlns:doc="http://www.lyncode.com/xoai" xsi:schemaLocation="http://www.loc.gov/MARC21/slim http://www.loc.gov/standards/marcxml/schema/MARC21slim.xsd">
   <leader>00925njm 22002777a 4500</leader>
   <datafield ind2=" " ind1=" " tag="042">
      <subfield code="a">dc</subfield>
   </datafield>
   <datafield ind2=" " ind1=" " tag="720">
      <subfield code="a">Busquets Armengol, Albert</subfield>
      <subfield code="e">author</subfield>
   </datafield>
   <datafield ind2=" " ind1=" " tag="260">
      <subfield code="c">2012-06-13</subfield>
   </datafield>
   <datafield ind2=" " ind1=" " tag="520">
      <subfield code="a">L’aplicació de la tecnologia a la investigació genètica ha permès millorar la&#xd;
detecció de malalties hereditàries i conseqüentment els diagnòstics clínics.&#xd;
L’evolució en la tecnologia dels xips d’ADN o microarrays s’ha convertit en una&#xd;
eina indispensable per a la detecció d’aquest tipus de malalties. Però aquesta&#xd;
aplicació de noves tecnologies implica utilitzar potents programes informàtics que&#xd;
siguin capaços d’analitzar la gran quantitat de dades que s’obtenen, i és en&#xd;
aquest aspecte en el que es centra aquest treball.&#xd;
El que es pretén aconseguir amb aquest treball és un mètode alternatiu i d’accés&#xd;
públic a l’anàlisis d’imatges de microarrays. Aquesta tecnologia està a l’alça en&#xd;
els estudis genètics i fins ara la millor alternativa per aquest procés d’anàlisis&#xd;
d’imatges recau en programaris privats. És per aquest motiu que qGenomics ha&#xd;
proposat la creació d’un software alternatiu i de lliure disposició que sigui capaç&#xd;
d’analitzar una imatge provinent d’un escàner de microarrays i extregui la&#xd;
intensitat de cada un dels espots que la formen.</subfield>
   </datafield>
   <datafield tag="653" ind2=" " ind1=" ">
      <subfield code="a">Àrees temàtiques de la UPC::Enginyeria electrònica</subfield>
   </datafield>
   <datafield tag="653" ind2=" " ind1=" ">
      <subfield code="a">Electric engineering</subfield>
   </datafield>
   <datafield tag="653" ind2=" " ind1=" ">
      <subfield code="a">Enginyeria electrònica</subfield>
   </datafield>
   <datafield ind2="0" ind1="0" tag="245">
      <subfield code="a">Sistema automàtic pel processat i anàlisi d'imatges de microarrays d'ADN</subfield>
   </datafield>
</record></metadata></record></GetRecord></OAI-PMH>